000
00306nam a22001337a 4500
008
190205b xxu||||| |||| 00| 0 eng d
020
_a
0875813445
041
_a
eng
080
_a
316
100
_a
50
101
_a
SOC
245
_a
The Renascence of Sociological Theory
_c
Etzkowitz, H
942
_2
udc
_c
BK
999
_c
53972
_d
53972